BIBLIOTECA PODER JUDICIAL
Portal Judicial TDF

Valoración probatoria con perspectiva de género, violencia vicaria y circunstancias extraordinarias de atenuación en una tentativa de homicidio doblemente agravado / (Registro nro. 5531)

000 -LEADER
fixed length control field 01683nab a22003017a 4500
003 - CONTROL NUMBER IDENTIFIER
control field OSt
005 - DATE AND TIME OF LATEST TRANSACTION
control field 20251215124841.0
008 - FIXED-LENGTH DATA ELEMENTS--GENERAL INFORMATION
fixed length control field 190429b xxu||||| |||| 00| 0 spa d
040 ## - CATALOGING SOURCE
Transcribing agency PJ
100 ## - MAIN ENTRY--PERSONAL NAME
Personal name Galmes, Paloma
9 (RLIN) 6511
245 10 - TITLE STATEMENT
Title Valoración probatoria con perspectiva de género, violencia vicaria y circunstancias extraordinarias de atenuación en una tentativa de homicidio doblemente agravado /
Statement of responsibility, etc Paloma Galmes.
260 ## - PUBLICATION, DISTRIBUTION, ETC. (IMPRINT)
Date of publication, distribution, etc Ciudad Autónoma de Buenos Aires :
Place of publication, distribution, etc Thomson Reuters La Ley,
Name of publisher, distributor, etc 2025.
300 ## - PHYSICAL DESCRIPTION
Extent p. 64-71
500 ## - GENERAL NOTE
General note Cita: AR/DOC/1664/2024.
505 ## - FORMATTED CONTENTS NOTE
Formatted contents note Sumario: I. La resolución del Tribunal de Impugnación Penal de La Pampa en el caso "C., Y. A. s/ recurso de impugnación".— II. Valoración de la prueba tendiente a acreditar la violencia de género.— III. Violencia vicaria y los estereotipos de la mujer-madre.— IV. Las circunstancias extraordinarias de atenuación del art. 80 y su aplicación en el presente caso.— V. Conclusiones.<br/>
505 ## - FORMATTED CONTENTS NOTE
Title Fallo comentado: Trib. Impugnación Penal, Santa Rosa, Sala A ~ 03/04/2024 ~ C., Y. A. s/recurso de impugnación.
505 ## - FORMATTED CONTENTS NOTE
Title Si te interesa el texto completo, solicitalo a koha@justierradelfuego.gov.ar
650 #0 - SUBJECT ADDED ENTRY--TOPICAL TERM
9 (RLIN) 343
Topical term or geographic name as entry element DERECHO PENAL
650 #0 - SUBJECT ADDED ENTRY--TOPICAL TERM
9 (RLIN) 3053
Topical term or geographic name as entry element VIOLENCIA DE GÉNERO
650 #0 - SUBJECT ADDED ENTRY--TOPICAL TERM
9 (RLIN) 4044
Topical term or geographic name as entry element PERSPECTIVA DE GÉNERO
650 #0 - SUBJECT ADDED ENTRY--TOPICAL TERM
9 (RLIN) 2480
Topical term or geographic name as entry element CODIGO PENAL
650 #0 - SUBJECT ADDED ENTRY--TOPICAL TERM
9 (RLIN) 2913
Topical term or geographic name as entry element HOMICIDIO
650 #0 - SUBJECT ADDED ENTRY--TOPICAL TERM
9 (RLIN) 3000
Topical term or geographic name as entry element TENTATIVA
651 #0 - SUBJECT ADDED ENTRY--GEOGRAPHIC NAME
9 (RLIN) 4349
Geographic name LA PAMPA
700 ## - ADDED ENTRY--PERSONAL NAME
9 (RLIN) 6333
Personal name Colantuono, Julieta
773 0# - HOST ITEM ENTRY
Host Biblionumber 2658
Host Itemnumber 3164
Title Revista de derecho penal y criminología. Nº 1 - Febrero 2025
Place, publisher, and date of publication Ciudad Autónoma de Buenos Aires : Thomson Reuters La Ley, 2017-
International Standard Serial Number 00347914
942 ## - ADDED ENTRY ELEMENTS (KOHA)
Source of classification or shelving scheme
Koha item type Analítica Artículo de Revista

No hay ítems disponibles.

12 de Octubre 789 Ushuaia - Tel:  54(02901)441571
Horario de Atención: 8.00 a 17.00 hs. 
bibliotecaush@justierradelfuego.gov.ar
koha@justierradelfuego.gov.ar
Seguinos en nuestras redes @bibliojustdf 

Con tecnología Koha